📖✒ Paroles "Le voilier" (attribué à) William Blake - Statistiques

Statistiques générales
  • Ce quiz a Ă©tĂ© pris 10 fois
  • Le rĂ©sultat moyen est 58 sur 145
Statistiques - réponses
Mots % Correct
s'
100%
c'
80%
C'
80%
d'
80%
de
80%
des
80%
est
80%
Je
80%
l'
80%
la
80%
le
80%
"Le
80%
voilier
80%
Ă 
60%
a
60%
cela
60%
les
60%
ma
60%
n'
60%
pas
60%
Un
60%
un
60%
ce
40%
coque
40%
dans
40%
du
40%
et
40%
Et
40%
Il
40%
il
40%
"il
40%
lui.
40%
mon
40%
océan.
40%
oĂą ?
40%
oĂą
40%
qu'
40%
qui
40%
sa
40%
Sa
40%
Son
40%
suis
40%
vie.
40%
y
40%
au
20%
aussi
20%
autres,
20%
avec
20%
côté
20%
disparaisse
20%
dit :
20%
en
20%
eux
20%
horizon.
20%
horizon
20%
joie :
20%
jusqu'
20%
mât
20%
matin,
20%
moi,
20%
moi
20%
mort.
20%
part
20%
parti ! "
20%
Parti
20%
passe
20%
plage.
20%
près
20%
regard,
20%
regarde
20%
sur
20%
toujours
20%
venir
20%
vers
20%
beauté,
0%
bord
0%
brise
0%
charge
0%
debout
0%
deux
0%
disparition
0%
exclament
0%
force
0%
haut,
0%
humaine.
0%
juste
0%
moment
0%
morts.
0%
poindre
0%
porter
0%
Quelqu'
0%
quelqu'
0%
rives.
0%
totale
0%
tout !
0%
vivants
0%
voilĂ  ! "
0%
voyant
0%
vue
0%
Aucun quiz correspondant
Distribution des résultats
% des personnes avec chaque résultat
Percentile par nombre de réponses
Votre historique - résultats
Vous n’avez pas pris ce quiz